[Event "IIFL Wealth 4th Mumbai GM"]
[Site "Mumbai"]
[Date "2019.01.01"]
[Round "3"]
[White "Arya Nirag Shah"]
[Black "Czebe, Attila"]
[Result "0-1"]
[WhiteElo "1812"]
[BlackElo "2417"]
[Annotator "TA"]
[PlyCount "88"]
[EventDate "2018.12.30"]
[EventType "swiss"]
[EventCountry "IND"]
[SourceTitle "playchess.com"]
[Source "ChessBase"]
[SourceQuality "1"]

{[%evp 20,88,22,-12,28,19,20,-9,0,-22,-7,-20,0,0,0,0,0,0,0,0,8,0,0,0,0,0,0,-14,0,0,0,0,0,0,0,0,0,0,0,0,0,-63,-66,-33,-22,-243,-220,-206,-207,-650,-630,-589,-110,-315,-287,-283,-259,-12846,-12844,-12249,-6139,-29962,-29960,-29977,-29978,-29979,-29980,-29979,-29979,-29979,-29980]} 1. d4 Nf6 2. Bg5 e6 3. e4 h6 4. Bxf6 Qxf6 5. c3 d6 6. Bd3 e5 {A45: Trompowsky Attack} (6... g6 7. Ne2 Bg7 8. O-O O-O 9. f4 Qe7 10. e5 b6 11. Nd2 Bb7 12. Be4 Bxe4 13. Nxe4 Rd8 14. Qe1 {0-1 (62) Moiseenko,A (2667)-Wang,Y (2690) Riadh 2017}) 7. Ne2 g6 8. O-O Bg7 9. f4 Qe7 10. Nd2 O-O 11. f5 {LiveBook: 10 Games} exd4 12. Nxd4 ({But not} 12. cxd4 gxf5 13. Kh1 fxe4 $15) 12... Nd7 $146 ({Predecessor:} 12... c5 13. Nc2 Nd7 14. Ne3 {1-0 (28) Alarcon Casellas,R (2436)-Gallego Alcaraz,A (2377) Sitges 2012}) 13. fxg6 fxg6 14. Qb3+ Kh7 15. Rxf8 Nxf8 16. Rf1 c5 17. Ne2 Be6 18. Bc4 Bxc4 19. Qxc4 {White wants to play Rf7.} Ne6 20. Nf4 Nxf4 21. Rxf4 Rf8 22. Rxf8 Qxf8 23. Qd5 Qf4 24. Qd3 b5 25. g3 Qg5 26. Qxd6 Qe3+ 27. Kf1 a5 28. a3 a4 29. Qd5 b4 30. axb4 (30. e5 $11) 30... cxb4 $15 31. cxb4 Bxb2 32. Nc4 $2 {[#]} (32. h4 $1 $11) 32... Qf3+ $19 {[%mdl 1024] Black has strong compensation.} 33. Kg1 Bg7 34. Ne5 $2 (34. Nd2 Qc3 35. Kg2) 34... Qe3+ 35. Kg2 Qb3 $2 (35... a3 $19 {is more deadly.} 36. Nxg6 Qe2+ 37. Kg1 Qa6) 36. Qxb3 $2 (36. Nd7 $17) 36... axb3 $17 {[%mdl 4096] Endgame KB-KN} 37. Nc4 {[#]} b2 $1 {[%cal Rb2b1]} 38. Nxb2 $2 (38. Na3 Bf8 39. Kf3) 38... Bxb2 $19 {KB-KP} 39. Kf3 Kg7 40. h4 Kf6 {Black mates.} 41. h5 g5 42. b5 Bd4 43. Kg4 Ke5 44. Kf3 Bb6 {Accuracy: White = 24%, Black = 82%.} 0-1

[Event "IIFL Wealth 4th Mumbai GM"]
[Site "Mumbai"]
[Date "2019.01.01"]
[Round "3"]
[White "Rebut, Paul"]
[Black "Mahindrakar Indrajeet"]
[Result "0-1"]
[WhiteElo "1740"]
[BlackElo "2106"]
[Annotator "TA"]
[PlyCount "47"]
[EventDate "2018.12.30"]
[EventType "swiss"]
[EventCountry "IND"]
[SourceTitle "playchess.com"]
[Source "ChessBase"]
[SourceQuality "1"]

{[%evp 17,47,36,58,0,0,-53,-29,-61,17,0,-4,-53,-54,-59,-30,-33,-17,-140,-137,-132,-122,-313,-302,-914,-924,-941,-969,-958,-933,-1329,-1314,-1700]} 1. e4 {[%cal Be2e4,Be4e5][%mdl 32]} Nf6 2. e5 Nd5 3. d4 d6 4. c4 Nb6 5. exd6 exd6 6. Nc3 Be7 7. Bd3 Nc6 8. Nge2 Bg4 9. Be3 {B03: Alekhine's Defence: Four Pawns Attack} O-O {LiveBook: 27 Games} 10. f3 ({White should play} 10. b3 $14) (10. O-O Nb4 11. f3 Nxd3 12. Qxd3 Bd7 13. Rad1 Re8 14. Rfe1 Bh4 15. Ng3 Na4 16. Nxa4 Bxa4 {1-0 (53) Gutenev,A (2456)-Tomashevsky,E (2705) Sochi 2018}) 10... Bh4+ $11 11. Ng3 ({Better is} 11. Bf2 $11 Bxf2+ 12. Kxf2 Qh4+ 13. Kg1) 11... Re8 $146 ({Predecessor:} 11... Bh5 12. O-O Bg6 13. Be2 d5 14. c5 Nc4 15. Bf2 Nb4 16. b3 Nb2 {0-1 (40) Baisakow,A (2139)-Wittje,B (2274) Germany 2011}) 12. Kf2 Bh5 (12... Bd7 $15) 13. Re1 Nb4 14. Bf1 Bg6 {[#] Strongly threatening ...Nc2.} 15. Rc1 $1 d5 {[%cal Bd6d5,Bd5c4][%mdl 32]} (15... Rxe3 $5 16. Rxe3 Bg5 $15) 16. a3 {aiming for c5.} Nc6 $36 {[%mdl 2048] White is under pressure.} 17. Bf4 (17. cxd5 $11 {keeps the balance.} Nxd5 18. Nxd5 Qxd5 19. Bc4) 17... Rxe1 $17 ({Stronger than} 17... Nxc4 18. Rxe8+ Qxe8 19. Nxd5 $18) 18. Qxe1 dxc4 {[#]} 19. Nb5 $2 (19. d5 $1 $17 {[%mdl 512]} Ne7 (19... Nxd5 20. Rd1) 20. Rd1) 19... Nd5 $19 ({Weaker is} 19... Nxd4 20. Nxc7 Bg5 21. Qe3 $15) 20. Qd2 $2 (20. Bd2) 20... Nxf4 {Black is clearly winning.} 21. Qxf4 Bg5 {[%mdl 64] Skewer} 22. Qxc7 Bxc1 23. Qxb7 Nxd4 24. Nd6 {Accuracy: White = 17%, Black = 72%.} 0-1

[Event "IIFL Wealth 4th Mumbai GM"]
[Site "Mumbai"]
[Date "2019.01.01"]
[Round "3"]
[White "Bhasima, Prashan"]
[Black "Kavinda, Akila"]
[Result "0-1"]
[WhiteElo "1658"]
[BlackElo "2092"]
[Annotator "NA RC"]
[PlyCount "100"]
[EventDate "2018.12.30"]
[EventType "swiss"]
[EventCountry "IND"]
[SourceTitle "playchess.com"]
[Source "ChessBase"]
[SourceQuality "1"]
[TimeControl "40/5400+30:1800+30"]

1. e4 {[%emt 0:01:46]} g6 {[%emt 0:00:00]} 2. d4 {[%emt 0:00:03]} Bg7 {[%emt 0:00:00]} 3. Nf3 {[%emt 0:01:01]} d6 {[%emt 0:00:00]} 4. Bc4 {[%emt 0:00:25]} Nf6 {[%emt 0:00:56]} 5. Nc3 {[%emt 0:03:38]} O-O {[%emt 0:01:14]} 6. Be3 {[%emt 0:01:30]} Nc6 {[%emt 0:11:48]} 7. O-O {[%emt 0:09:18]} Bg4 {[%emt 0:00:52]} 8. h3 {[%emt 0:01:35]} Bxf3 {[%emt 0:01:10]} 9. Qxf3 {[%emt 0:01:14]} e5 {[%emt 0:05:35]} 10. dxe5 {[%emt 0:08:24]} Nxe5 {[%emt 0:01:25]} 11. Qe2 {[%emt 0:00:02]} Nxc4 {[%emt 0:02:52] B08: Pirc Defence: Classical System} 12. Qxc4 {[%emt 0:00:03]} Re8 {[%emt 0:01:17]} 13. Rfe1 {[%emt 0:05:35]} (13. Rad1 a6 14. a4 Re6 15. f3 c6 16. Qb3 Qc7 17. Qb6 Qe7 18. Bg5 h6 19. Bh4 {0-1 (56) Vallejo Pons,F (2705)-Gashimov,V (2757) Beijing 2011}) 13... Nxe4 {[%emt 0:18:45]} 14. Nxe4 {[%emt 0:02:59]} d5 {[%emt 0:00:08]} 15. Qb3 {[%emt 0:06:36]} dxe4 $146 {[%emt 0:01:02]} ({Predecessor:} 15... Rxe4 16. Qxb7 Rb8 17. Qxa7 Rxb2 18. Rab1 Reb4 19. Rxb2 Rxb2 {0-1 (33) Villarreal,J-Mejia,D Bilin 2008}) 16. Qxb7 {[%emt 0:02:04]} Qb8 {[%emt 0:01:25]} 17. Qxb8 {[%emt 0:04:18]} Rexb8 {[%emt 0:03:47]} 18. Rab1 {[%emt 0:00:03]} Rxb2 {[%emt 0:04:30]} 19. Rxb2 {[%emt 0:00:50]} Bxb2 {[%emt 0:00:05]} 20. Rb1 {[%emt 0:00:43]} Be5 {[%emt 0:00:43]} 21. Rb7 {[%emt 0:12:18]} a6 {[%emt 0:00:25]} 22. Kf1 {[%emt 0:00:31]} Kf8 {[%emt 0:01:16]} 23. c4 {[%emt 0:06:22]} Ke7 {[%emt 0:02:24]} 24. f4 {[%emt 0:01:32]} exf3 {[%emt 0:00:07]} 25. gxf3 {[%emt 0:00:01]} Kd7 {[%emt 0:02:15]} 26. Ke2 {[%emt 0:02:40]} Kc6 {[%emt 0:01:50]} 27. Rb1 {[%emt 0:02:04]} Re8 {[%emt 0:02:42]} 28. Kd3 {[%emt 0:01:22]} Rd8+ {[%emt 0:00:37]} 29. Ke4 {[%emt 0:03:44]} Bd6 {[%emt 0:00:13]} 30. Bd4 {[%emt 0:05:53]} f5+ {[%emt 0:13:55]} 31. Ke3 {[%emt 0:01:11]} Bf4+ {[%emt 0:06:01]} 32. Kxf4 {[%emt 0:00:42]} Rxd4+ {[%emt 0:00:04]} 33. Ke5 {[%emt 0:06:08]} Rxc4 {[%emt 0:00:36]} 34. Rb2 {[%emt 0:00:28]} Rc3 {[%emt 0:03:30]} 35. Rf2 $1 $11 {[%emt 0:00:23] and White has nothing to worry.} Rc1 {[%emt 0:00:41]} 36. Rh2 {[%emt 0:00:42]} Rc3 $11 {[%emt 0:07:35]} (36... Kb5 $19 37. Rb2+ Kc6) 37. Kf4 $2 {[%emt 0:00:03]} Kd5 {[%emt 0:00:52]} 38. h4 {[%emt 0:01:20]} Ke6 {[%emt 0:01:08]} 39. h5 {[%emt 0:02:52]} Kf6 {[%emt 0:00:11]} 40. hxg6 {[%emt 0:00:00]} hxg6 {[%emt 0:00:00]} 41. Re2 {[%emt 0:01:57]} g5+ {[%emt 0:00:24]} 42. Kg3 {[%emt 0:00:39]} g4 {[%emt 0:00:14]} 43. Kh2 {[%emt 0:00:20]} Rxf3 {[%emt 0:00:31]} 44. Rc2 {[%emt 0:00:04]} Ra3 {[%emt 0:00:08]} 45. Rxc7 {[%emt 0:00:44]} Rxa2+ {[%emt 0:00:05]} 46. Kg3 {[%emt 0:00:27]} Ra3+ {[%emt 0:00:05]} 47. Kg2 {[%emt 0:00:27]} a5 {[%emt 0:00:17]} 48. Rc5 {[%emt 0:00:18]} a4 {[%emt 0:00:07]} 49. Rc4 {[%emt 0:00:40]} Kg5 {[%emt 0:00:14]} 50. Rc2 {[%emt 0:00:14]} Rb3 {[%emt 0:00:09]} 0-1

[Event "IIFL Wealth 4th Mumbai GM"]
[Site "Mumbai"]
[Date "2019.01.01"]
[Round "3"]
[White "Regmi, Shikhar"]
[Black "abzid, Rahman"]
[Result "0-1"]
[WhiteElo "1610"]
[BlackElo "2040"]
[Annotator "NA RC"]
[PlyCount "76"]
[EventDate "2018.12.30"]
[EventType "swiss"]
[EventCountry "IND"]
[SourceTitle "playchess.com"]
[Source "ChessBase"]
[SourceQuality "1"]
[TimeControl "40/5400+30:1800+30"]

1. e4 {[%emt 0:02:09]} c5 {[%emt 0:00:05]} 2. Nf3 {[%emt 0:00:16]} e6 {[%emt 0:00:08]} 3. d4 {[%emt 0:00:10]} cxd4 {[%emt 0:00:11]} 4. Nxd4 {[%emt 0:00:06]} a6 {[%emt 0:00:28]} 5. Nc3 {[%emt 0:00:28]} Qc7 {[%emt 0:00:37]} 6. Be2 {[%emt 0:00:42]} Nc6 {[%emt 0:00:41]} 7. O-O {[%emt 0:00:35]} Nf6 {[%emt 0:00:46]} 8. Kh1 {[%emt 0:01:15]} d6 {[%emt 0:01:22]} 9. f4 {[%emt 0:00:41]} Bd7 {[%emt 0:00:15]} 10. Be3 {[%emt 0:00:45]} Be7 {[%emt 0:00:39]} 11. Qe1 {[%emt 0:02:36]} b5 {[%emt 0:02:39]} 12. a3 {[%emt 0:02:45] B84: Sicilian Scheveningen: 6 Be2 a6, lines without early Be3} e5 {[%emt 0:02:57]} (12... O-O 13. Qg3 b4 14. Nxc6 Bxc6 15. axb4 Nxe4 16. Nxe4 Bxe4 17. c3 a5 18. Bd4 g6 19. b5 d5 20. Qe3 Qb7 21. Ra4 {1-0 (33) Harikrishna,P (2729)-Liang,J (2452) China 2018}) 13. Nxc6 {[%emt 0:00:34]} Bxc6 {[%emt 0:00:14]} 14. fxe5 $146 {[%emt 0:00:37]} ({Predecessor:} 14. Bf3 Qb7 15. Qg3 {½-½ (16) Savic,G (2154)-Necevski,A (2301) Serbia 2011}) 14... dxe5 {[%emt 0:00:34]} 15. Bg5 {[%emt 0:01:36]} O-O {[%emt 0:04:06]} 16. Bxf6 {[%emt 0:00:11]} Bxf6 {[%emt 0:05:23]} 17. Rxf6 {[%emt 0:00:09]} gxf6 {[%emt 0:00:01]} 18. Bg4 {[%emt 0:01:02]} f5 {[%emt 0:04:46]} 19. Bxf5 {[%emt 0:00:32]} f6 {[%emt 0:01:33]} 20. Qh4 {[%emt 0:01:42]} Kh8 {[%emt 0:00:51]} 21. Rd1 {[%emt 0:00:44]} Ra7 {[%emt 0:01:23]} 22. Rd3 {[%emt 0:02:11]} Qe7 {[%emt 0:01:05]} 23. Rh3 {[%emt 0:00:53]} Rf7 {[%emt 0:01:02]} 24. Qh6 {[%emt 0:04:54]} a5 {[%emt 0:01:14]} 25. Nd5 {[%emt 0:02:01]} Bxd5 {[%emt 0:03:56]} 26. exd5 {[%emt 0:00:05]} b4 {[%emt 0:00:24]} 27. a4 {[%emt 0:00:55]} Rg7 {[%emt 0:02:30]} 28. Be6 $15 {[%emt 0:01:16]} Rc7 {[%emt 0:04:30]} 29. Bf5 {[%emt 0:08:17]} Rc4 {[%emt 0:04:07]} 30. Qe3 {[%emt 0:05:30]} Rd4 {[%emt 0:01:34]} 31. Bd3 {[%emt 0:01:54]} f5 {[%emt 0:00:42]} 32. g3 {[%emt 0:01:57]} Qd6 {[%emt 0:02:35]} 33. Qf3 {[%emt 0:03:43]} e4 {[%emt 0:01:30]} 34. Qxf5 {[%emt 0:03:45]} exd3 {[%emt 0:00:25]} 35. Qc8+ {[%emt 0:00:09]} Rg8 {[%emt 0:00:06]} 36. Rxh7+ {[%emt 0:01:15]} Kxh7 {[%emt 0:00:01]} 37. Qf5+ Rg6 {[%emt 0:00:27]} 38. Qf7+ {[%emt 0:00:41]} Kh6 {[%emt 0:00:05]} 0-1

[Event "IIFL Wealth 4th Mumbai GM"]
[Site "Mumbai"]
[Date "2019.01.01"]
[Round "3"]
[White "Laoussing, Mathis"]
[Black "Thapa, Krishna"]
[Result "0-1"]
[WhiteElo "1438"]
[BlackElo "2024"]
[Annotator "NA RC"]
[PlyCount "47"]
[EventDate "2018.12.30"]
[EventType "swiss"]
[EventCountry "IND"]
[SourceTitle "playchess.com"]
[Source "ChessBase"]
[SourceQuality "1"]
[TimeControl "40/5400+30:1800+30"]

1. e4 {[%emt 0:00:00]} c5 {[%emt 0:00:00]} 2. c3 {[%emt 0:00:00]} Nf6 {[%emt 0:00:00]} 3. e5 {[%emt 0:00:18]} Nd5 {[%emt 0:00:00]} 4. d4 {[%emt 0:00:07]} e6 {[%emt 0:00:00]} 5. Bc4 {[%emt 0:01:28]} Nb6 {[%emt 0:00:29]} 6. Qe2 {[%emt 0:02:56]} Nxc4 {[%emt 0:02:49]} 7. Qxc4 {[%emt 0:00:10]} b6 {[%emt 0:01:09]} 8. Na3 {[%emt 0:10:41]} cxd4 {[%emt 0:04:58]} 9. Nb5 {[%emt 0:01:42]} Nc6 {[%emt 0:00:41]} 10. cxd4 {[%emt 0:01:35]} Bb4+ {[%emt 0:00:17]} 11. Bd2 {[%emt 0:02:19]} Bxd2+ {[%emt 0:00:15]} 12. Kxd2 {[%emt 0:00:06]} Qg5+ {[%emt 0:00:24]} 13. Ke2 {[%emt 0:00:22]} O-O {[%emt 0:00:30]} 14. Nf3 {[%emt 0:01:42]} Qh5 {[%emt 0:01:23]} 15. Nd6 {[%emt 0:04:15]} b5 {[%emt 0:02:06]} 16. Qd3 {[%emt 0:02:34]} Ba6 {[%emt 0:00:42]} 17. Ne4 {[%emt 0:19:37]} Nb4 {[%emt 0:04:50]} 18. Qd2 {[%emt 0:00:45]} Nd5 $11 {[%emt 0:00:29]} 19. b4 {[%emt 0:02:37]} Bb7 {[%emt 0:00:12]} 20. Nd6 {[%emt 0:01:42]} Bc6 {[%emt 0:00:06]} 21. Rhe1 {[%emt 0:00:49]} Qg4 {[%emt 0:00:30]} 22. Rg1 {[%emt 0:11:28]} Nf4+ {[%emt 0:00:47]} 23. Kf1 {[%emt 0:00:31]} Bxf3 {[%emt 0:00:45]} 24. Ke1 {[%emt 0:03:15]} 0-1